George Ezra - Fell In Love At The End Of The World Lyrics - Statistics

General Stats
  • This quiz has been taken 20 times
  • The average score is 332 of 418
Answer Stats
Lyrics % Correct
a
100%
all
86%
and
86%
And
86%
are
86%
arms
86%
as
86%
at
86%
be
86%
boy
86%
''Boy
86%
but
86%
can't
86%
Can't
86%
clothes
86%
do?
86%
don't
86%
end
86%
fall
86%
fell,
86%
fell
86%
get
86%
god
86%
God
86%
I
86%
I'm
86%
in
86%
it
86%
just
86%
keep
86%
love
86%
me
86%
my
86%
of
86%
off
86%
oh
86%
out
86%
take
86%
that
86%
the
86%
there's
86%
this
86%
to
86%
Tryna
86%
us
86%
we
86%
what's
86%
world
86%
world,
86%
You
86%
you
86%
your
86%
again
71%
alive,
71%
asleep
71%
begins
71%
candles
71%
cool
71%
damn
71%
damn,
71%
forget
71%
girlfriend
71%
here
71%
his
71%
home
71%
lit
71%
make
71%
next
71%
not
71%
now
71%
or
71%
outside
71%
over
71%
pray
71%
safe
71%
stronger
71%
sure
71%
walls
71%
war
71%
was
71%
way
71%
wish
71%
won't
71%
Won't
71%
arriving
57%
baby
57%
beckon
57%
big
57%
burning
57%
die?
57%
digging
57%
drive
57%
find
57%
hole
57%
if
57%
I'll
57%
insane''
57%
jet
57%
late
57%
lavenders
57%
left
57%
light
57%
myself
57%
on
57%
planes,
57%
planes
57%
purpose
57%
read
57%
says,
57%
scared
57%
side
57%
stood
57%
think
57%
though
57%
with
57%
by
43%
guess
43%
hear
43%
how
43%
life
43%
living
43%
note
43%
ride
43%
while
43%
surface
29%
No matching quizzes found
Score Distribution
Percent of People with Each Score
Percentile by Number Answered
Your Score History
You have not taken this quiz